000
00295nam a2200133Ia 4500
005
20251222153649.0
008
251222s9999||||xx |||||||||||||| ||spa||
082
_a
616/K84
100
_a
Krüger, Marianne
245
0
_a
Ulcus Cruris:
250
_a
1ra.ed.
264
_b
EDIKA MED
942
_c
LIB
999
_c
33026
_d
33026